[Event "St Petersburg June op"]
[Site "St Petersburg"]
[Date "2008.06.24"]
[Round "4"]
[White "Lushnikov, Andrey Yakovlevich"]
[Black "Tolkachev, Viktor"]
[Result "1/2-1/2"]
[WhiteElo "2272"]
[BlackElo "2047"]
[PlyCount "115"]
[EventDate "2008.06.21"]
[EventType "swiss"]
[EventRounds "9"]
[EventCountry "RUS"]
[SourceTitle "CBM 125 Extra"]
[Source "ChessBase"]
[SourceDate "2008.09.01"]
[SourceVersion "1"]
[SourceVersionDate "2008.09.01"]
[SourceQuality "1"]

1. e4 d6 2. d4 Nf6 3. Nc3 g6 4. g3 Bg7 5. Bg2 0-0 6. Nge2 c5 7. 0-0 Nc6 8. d5 Nb8 9. h3 e6 10. dxe6 fxe6 11. Bg5 h6 12. Be3 Qb6 13. Qd2 Kh7 14. b3 Ne8 15. Rad1 Nc6 16. f4 a6 17. Kh2 Qc7 18. h4 b6 19. Bh3 Qe7 20. Rf2 b5 21. Rdf1 b4 22. Na4 Rb8 23. e5 Qa7 24. exd6 Nd4 25. Nxc5 Qxc5 26. Bxd4 Qxd6 27. Qe3 Rb5 28. c4 bxc3 29. Bxg7 Nxg7 30. Nxc3 Ra5 31. Ne4 Qb4 32. Rc1 Bb7 33. Rc4 Qe7 34. Qc3 Rd5 35. Rc7 Rd7 36. Rxd7 Qxd7 37. Rd2 Qb5 38. a4 Qe8 39. Nd6 Qe7 40. Nxb7 Qxb7 41. Bg2 Qa7 42. Rd4 Nf5 43. Rd2 g5 44. Qd3 Kg8 45. Qe4 Qe7 46. fxg5 hxg5 47. hxg5 Kf7 48. g6+ Kxg6 49. g4 Qc7+ 50. Kg1 Qc1+ 51. Bf1 Qxd2 52. Qxe6+ Kh7 53. gxf5 Rg8+ 54. Kh1 Qf2 55. Qf7+ Kh8 56. Qh5+ Kg7 57. Qg5+ Kh7 58. Qh5+ 1/2-1/2